000 00844nam a2200217Ia 4500
001 16736
003 GE_BSU
008 181216s||||||||xx |||||||||||||| ||und||
040 _cGE_BSU
080 _a821.161.1
100 _aბელინსკი, ბესარიონ
245 _aალექსანდრე პუშკინის თხზულებები
245 _cმთარგმნ.: ვ. მგალობლიშვილი. რედ.ვ.პაიკიძე
260 _aთბილისი
260 _bგანათლება
260 _c1966
300 _a611გვ. : 1ფ. პორტრ. ; 22სმ
653 _aალექსანდრე პუშკინის თხზულებები
653 _aპუშკინი ალექსანდრე;
942 _cBK
999 _c49801
_d49801